Management Information System / (Record no. 1110)

MARC details
000 -LEADER
Fixed length control field 00525nam a2200181 4500
003 - CONTROL NUMBER IDENTIFIER
Control field SEACOMMC
005 - DATE AND TIME OF LATEST TRANSACTION
Control field 20250506114706.0
008 - FIXED-LENGTH DATA ELEMENTS--GENERAL INFORMATION
Fixed length control field 250227b |||||||| |||| 00| 0 eng d
020 ## - INTERNATIONAL STANDARD BOOK NUMBER / ISBN
International Standard Book Number 978-0-07-062003-2
Price Rs.425.00
040 ## - CATALOGING SOURCE
Original cataloging agency SEACOMMC
082 ## - DEWEY DECIMAL CLASSIFICATION NUMBER
Classification number 658.4038
Book Number O 12
100 ## - MAIN ENTRY--PERSONAL NAME
Personal name O'Brien, James A
245 1# - TITLE STATEMENT
Title Management Information System /
Statement of responsibility James A. O'Brien[and] George M. Markas
250 ## - EDITION STATEMENT
Edition statement 7th ed.
260 ## - IMPRINT
Place of publication New Delhi
Name of publisher Tata McGraw Hill
Date of publication c2007
650 ## - SUBJECT ADDED ENTRY--TOPICAL TERM
Topical term Information Management System
942 ## - ADDED ENTRY ELEMENTS (KOHA)
Koha item type Books
Holdings
Withdrawn status Lost status Source of classification Damaged status Not for loan Home library Current library Shelving location Date acquired Total Checkouts Call number Accession number Date last seen Price effective from Koha item type Copy number
    Dewey Decimal Classification     SEACOM MANAGEMENT COLLEGE SEACOM MANAGEMENT COLLEGE Reference 06/03/2009   658.4038 O 12 M-2361 27/02/2025 27/02/2025 Reference Books  
    Dewey Decimal Classification     SEACOM MANAGEMENT COLLEGE SEACOM MANAGEMENT COLLEGE   06/03/2009   658.4038 O 12 M-2362 27/02/2025 27/02/2025 Books 1
    Dewey Decimal Classification     SEACOM MANAGEMENT COLLEGE SEACOM MANAGEMENT COLLEGE   06/03/2009   658.4038 O 12 M-2363 27/02/2025 27/02/2025 Books 2
    Dewey Decimal Classification     SEACOM MANAGEMENT COLLEGE SEACOM MANAGEMENT COLLEGE   06/03/2009   658.4038 O 12 M-2364 27/02/2025 27/02/2025 Books 3
    Dewey Decimal Classification     SEACOM MANAGEMENT COLLEGE SEACOM MANAGEMENT COLLEGE   06/03/2009   658.4038 O 12 M-2365 27/02/2025 27/02/2025 Books 4
© Seacom Engineering College, All rights reserved.    Powered by Koha